Campeonato Argentino de Futebol - Equipes que conquistaram títulos até o transición 2014. - Statistics

Estatísticas Gerais
  • Esse quiz foi jogado 264 vezes
  • A pontuação média é 8 de 17
Estatísticas das Respostas
Títulos Clubes % Correto
36 RIVER PLATE
100%
30 BOCA JUNIORS
97%
18 RACING
87%
16 INDEPENDIENTE
81%
16 SAN LORENZO
70%
6 ESTUDIANTES
60%
10 VÉLEZ SARSFIELD
60%
6 NEWELL'S OLD BOYS
47%
4 ROSARIO CENTRAL
45%
3 ARGENTINOS JUNIORS
37%
1 LANÚS
32%
1 BANFIELD
29%
1 ARSENAL
25%
1 HURACÁN
25%
1 QUILMES
16%
2 FERRO CARRIL OESTE
15%
1 CHACARITA JUNIORS
10%
Nenhum quiz correspondente encontrado
Distribuição das Pontuações
Porcentagem de Pessoas com Cada Pontuação
Percentil de Números Respondidos
Sua Pontuação Histórica
Você não jogou esse quiz